Top 4 der Fußball-Europameisterschaft - Sudden Death - Statistiken

Allgemein
  • Dieses Quiz wurde 4.611 mal gespielt
    2.656 seit der letzten Aktualisierung
  • Das Durchschnittsergebnis liegt bei 7 aus 19
Answers on the Grid
Answers color-coded by a green-red scale on the quiz's grid according to % correct below.
Albanien
Belgien
Bulgarien
Dänemark
BRD / Deutschland
DDR
England
Finnland
Frankreich
Georgien
Griechenland
Irland
Island
Italien
Jugoslawien
Kroatien
Lettland
Niederlande
Nordirland
Nordmazedonien
Norwegen
Österreich
Polen
Portugal
Rumänien
Russland
Schottland
Schweden
Schweiz
Serbien
Slowakei
Slowenien
Sowjetunion
Spanien
Tschechien
Tschechoslowakei
Türkei
Ukraine
Ungarn
Wales
 
Antwortstatistiken
Antwort % Korrekt
Sieger: 1972, 1980, 1996, 2. Platz: 1976, 1992, 2008, 3. Platz: 1988, 4. Platz: 2012, 2016 BRD / Deutschland
78%
2. Platz: 2021, 2024, 3. Platz: 1968, 1996 England
68%
Sieger: 1984, 2000, 2. Platz: 2016, 3. Platz: 2024, 4. Platz: 1960, 1996 Frankreich
65%
Sieger: 1968, 2021, 2. Platz: 2000, 2012, 4. Platz: 1980, 1988 Italien
56%
2. Platz: 1980, 3. Platz: 1972 Belgien
53%
Sieger: 1992, 4. Platz: 1964, 1984, 2021 Dänemark
49%
Sieger: 1964, 2008, 2012, 2024, 2. Platz: 1984, 3. Platz: 2021 Spanien
44%
Sieger: 2004 Griechenland
43%
Sieger: 2016, 2. Platz: 2004, 3. Platz: 1984, 2000, 2012 Portugal
43%
3. Platz: 1976, 1992, 4. Platz: 2000, 2004, 2024 Niederlande
42%
2. Platz: 1960, 1968, 4. Platz: 1976 Jugoslawien
22%
Sieger: 1960, 2. Platz: 1964, 1972, 1988, 4. Platz: 1968 Sowjetunion
22%
Sieger: 1976, 3. Platz: 1960, 1980 Tschechoslowakei
21%
4. Platz: 2008 Türkei
19%
3. Platz: 2008 Russland
13%
2. Platz: 1996, 3. Platz: 2004 Tschechien
11%
2. Platz: 1964, 4. Platz: 1972 Ungarn
11%
3. Platz: 2016 Wales
11%
Halbfinale: 1992 Schweden
10%
Keine übereinstimmenden Quizze gefunden
Verteilung der Resultate
Anzahl Personen mit jedem Resultat
Perzentil nach korrekt beantworteten Fragen
Ihre Resultats-Entwicklung
Sie haben dieses Quiz seit der letzten Aktualisierung nicht gespielt